[Event "Welsh Open Chess Championship"]
[Site "Mercure Cardiff North Hotel, Circle Way East, Llanedeyrn, Cardiff CF23 9XF"]
[Date "2024.03.29"]
[Round "1"]
[Board "1"]
[White "Roberts, David L"]
[Black "Archibald, Mckenzie"]
[Result "1-0"]
[WhiteElo "1972"]
[BlackElo "1683"]
[Annotator "Home"]
[PlyCount "49"]
[EventDate "2024.03.29"]
[EventType "swiss"]
[EventRounds "7"]
[EventCountry "WLS"]

{[%evp 0,49,32,32,76,62,63,37,35,35,55,41,80,75,77,57,55,56,56,51,53,40,48,33,48,19,24,28,46,29,14,11,11,-2,22,21,12,1,2,-7,44,24,41,41,52,23,27,16,20,25,250,238]} 1. e4 {[%emt 0:00:02]} c6 {[%emt 0:00:05]} 2. Nc3 {[%emt 0:00:35]} d5 {[%emt 0:00:13]} 3. Nf3 {[%emt 0:00:14]} dxe4 {[%emt 0:04:11]} 4. Nxe4 {[%emt 0:00:38]} Bg4 {[%emt 0:00:47]} 5. Bc4 {[%emt 0:04:58]} Bxf3 {[%emt 0:00:37]} 6. Qxf3 {[%emt 0:00:37]} e6 {[%emt 0:03:53]} 7. d3 {[%emt 0:03:24]} Nf6 {[%emt 0:01:26]} 8. Nxf6+ {[%emt 0:12:08]} Qxf6 {[%emt 0:00:14]} 9. Qxf6 {[%emt 0:00:47]} gxf6 {[%emt 0:00:08]} 10. a4 {[%emt 0:02:01]} Nd7 {[%emt 0:08:18]} 11. a5 {[%emt 0:03:42]} Bd6 {[%emt 0:02:17]} 12. f4 {[%emt 0:05:40]} f5 {[%emt 0:01:36]} 13. Bd2 {[%emt 0:02:42]} h5 {[%emt 0:01:25]} 14. Bc3 {[%emt 0:04:14]} Rg8 {[%emt 0:01:34]} 15. g3 {[%emt 0:01:08]} Ke7 {[%emt 0:04:40]} 16. Ke2 {[%emt 0:06:10]} b5 {[%emt 0:03:50]} 17. axb6 {[%emt 0:03:07]} axb6 {[%emt 0:00:13]} 18. b4 {[%emt 0:03:17]} b5 {[%emt 0:09:59]} 19. Bb3 {[%emt 0:00:16]} Nb6 {[%emt 0:02:38]} 20. Bd4 {[%emt 0:05:19]} Nd5 {[%emt 0:03:48]} 21. c3 {[%emt 0:05:44]} Bc7 {[%emt 0:04:29]} 22. Rhb1 {[%emt 0:09:52]} h4 {[%emt 0:16:49]} 23. Kf3 {[%emt 0:00:56]} hxg3 {[%emt 0:03:05]} 24. hxg3 {[%emt 0:00:06]} Rh8 {[%emt 0:01:54]} 25. Bxh8 {[%emt 0:01:01]} 1-0

[Event "Welsh Open Chess Championship"]
[Site "Mercure Cardiff North Hotel, Circle Way East, Llanedeyrn, Cardiff CF23 9XF"]
[Date "2024.03.29"]
[Round "1"]
[Board "2"]
[White "Smith, Chris P"]
[Black "Funmilayo, Feyikemi Anthony"]
[Result "1-0"]
[WhiteElo "1669"]
[BlackElo "1950"]
[Annotator "Home"]
[PlyCount "73"]
[EventDate "2024.03.29"]
[EventType "swiss"]
[EventRounds "7"]
[EventCountry "WLS"]

{[%evp 0,73,32,25,74,23,30,30,35,21,20,-46,10,18,44,17,66,64,35,39,40,42,56,50,78,73,73,48,84,48,48,23,36,34,54,32,187,175,209,225,217,213,220,207,267,286,303,292,279,281,324,255,277,159,227,266,305,282,273,268,448,474,441,486,841,488,576,504,580,472,560,578,738,747,748,752]} 1. d4 {[%emt 0:00:01]} c6 {[%emt 0:00:33]} 2. c4 {[%emt 0:00:23]} d5 {[%emt 0:00:38]} 3. Nf3 Nf6 {[%emt 0:00:41]} 4. Bf4 {[%emt 0:00:51]} dxc4 {[%emt 0:02:34]} 5. a4 {[%emt 0:01:39]} Bg4 {[%emt 0:00:24]} 6. e3 {[%emt 0:01:14]} e6 {[%emt 0:00:16]} 7. Bxc4 {[%emt 0:06:13]} Be7 {[%emt 0:00:18]} 8. O-O {[%emt 0:00:37]} O-O {[%emt 0:00:08]} 9. Nbd2 {[%emt 0:00:52]} Nbd7 {[%emt 0:00:51]} 10. Qb3 {[%emt 0:05:29]} Qc8 {[%emt 0:00:23]} 11. Bd3 {[%emt 0:08:22]} Re8 {[%emt 0:00:18]} 12. h3 {[%emt 0:02:42]} Bh5 {[%emt 0:00:09]} 13. Qc2 {[%emt 0:02:39]} Nf8 {[%emt 0:00:30]} 14. Ne5 {[%emt 0:02:42]} Nd5 {[%emt 0:01:08]} 15. Bh2 {[%emt 0:05:02]} Nb4 {[%emt 0:00:36]} 16. Qc3 {[%emt 0:02:32]} a5 {[%emt 0:00:30]} 17. Ndc4 {[%emt 0:02:56]} Bg6 {[%emt 0:01:01]} 18. Bxg6 {[%emt 0:02:41]} hxg6 {[%emt 0:01:10]} 19. Nb6 {[%emt 0:06:39]} Qd8 {[%emt 0:00:43]} 20. Nxa8 {[%emt 0:01:13]} Qxa8 {[%emt 0:00:32]} 21. Nc4 {[%emt 0:06:01]} Nd5 {[%emt 0:01:04]} 22. Qxa5 {[%emt 0:02:18]} Qc8 {[%emt 0:01:02]} 23. Nd6 {[%emt 0:04:45]} Bxd6 {[%emt 0:00:37]} 24. Bxd6 {[%emt 0:00:08]} Nh7 {[%emt 0:01:02]} 25. Rac1 {[%emt 0:02:37]} Nhf6 {[%emt 0:00:38]} 26. b4 {[%emt 0:02:54]} Rd8 {[%emt 0:01:48]} 27. Be5 {[%emt 0:02:53]} Qd7 {[%emt 0:03:17]} 28. Bxf6 {[%emt 0:02:32]} gxf6 {[%emt 0:00:38]} 29. b5 {[%emt 0:01:05]} e5 {[%emt 0:00:29]} 30. bxc6 {[%emt 0:01:48]} bxc6 {[%emt 0:00:17]} 31. dxe5 {[%emt 0:01:02]} f5 {[%emt 0:01:11]} 32. Qc5 {[%emt 0:03:35]} Rc8 {[%emt 0:00:53]} 33. Qd6 {[%emt 0:01:58]} Qb7 {[%emt 0:00:25]} 34. e6 {[%emt 0:01:46]} Nf6 {[%emt 0:02:00]} 35. Rfd1 {[%emt 0:04:26]} fxe6 {[%emt 0:00:53]} 36. Qxe6+ {[%emt 0:01:21]} Kg7 {[%emt 0:00:04]} 37. Rd6 {[%emt 0:04:40]} 1-0

[Event "Welsh Open Chess Championship"]
[Site "Mercure Cardiff North Hotel, Circle Way East, Llanedeyrn, Cardiff CF23 9XF"]
[Date "2024.03.29"]
[Round "1"]
[Board "3"]
[White "Honey, Luke"]
[Black "Williams, John A"]
[Result "1-0"]
[WhiteElo "1939"]
[BlackElo "1633"]
[Annotator "Home"]
[PlyCount "53"]
[EventDate "2024.03.29"]
[EventType "swiss"]
[EventRounds "7"]
[EventCountry "WLS"]

{[%evp 0,53,25,32,85,84,70,49,40,35,61,65,53,47,65,43,60,54,46,26,95,75,339,371,361,78,441,452,452,450,429,439,447,441,454,361,368,377,410,410,446,440,486,450,433,399,423,390,536,501,548,587,588,599,1281,1309]} 1. e4 {[%emt 0:00:04]} d6 {[%emt 0:00:10]} 2. d4 {[%emt 0:00:09]} Nf6 {[%emt 0:00:09]} 3. f3 {[%emt 0:00:06]} c6 {[%emt 0:00:33]} 4. Be3 {[%emt 0:00:52]} Qa5+ {[%emt 0:01:40]} 5. Nc3 {[%emt 0:01:05]} e5 {[%emt 0:01:06]} 6. Nge2 {[%emt 0:00:34]} Be7 {[%emt 0:04:55]} 7. Qd2 {[%emt 0:01:43]} b5 {[%emt 0:06:26]} 8. Ng3 {[%emt 0:09:04]} b4 {[%emt 0:08:31]} 9. Nd1 {[%emt 0:06:57]} exd4 {[%emt 0:17:48]} 10. Bxd4 {[%emt 0:01:08]} c5 {[%emt 0:00:26]} 11. Bxf6 {[%emt 0:07:52]} Bxf6 {[%emt 0:00:26]} 12. Qxd6 {[%emt 0:01:46]} Be7 {[%emt 0:09:57]} 13. Qd5 {[%emt 0:09:45]} O-O {[%emt 0:14:07]} 14. Qxa8 {[%emt 0:05:28]} Qb6 {[%emt 0:02:12]} 15. Qd5 {[%emt 0:01:10]} Rd8 {[%emt 0:00:12]} 16. Qb3 {[%emt 0:01:23]} Nc6 {[%emt 0:03:01]} 17. c3 {[%emt 0:03:44]} Bg5 {[%emt 0:04:11]} 18. Be2 {[%emt 0:02:14]} Bd2+ {[%emt 0:00:51]} 19. Kf1 {[%emt 0:00:11]} Na5 {[%emt 0:08:21]} 20. Qc2 {[%emt 0:02:15]} Bf4 {[%emt 0:05:41]} 21. cxb4 {[%emt 0:01:52]} cxb4 {[%emt 0:03:06]} 22. Nf2 {[%emt 0:01:21]} b3 {[%emt 0:03:25]} 23. Qc3 {[%emt 0:05:02]} Ba6 {[%emt 0:01:38]} 24. axb3 {[%emt 0:09:25]} Rc8 {[%emt 0:02:05]} 25. Qe1 {[%emt 0:02:52]} Nxb3 {[%emt 0:00:21]} 26. Rxa6 {[%emt 0:02:35]} Qxa6 {[%emt 0:00:45]} 27. Bxa6 {[%emt 0:00:19]} 1-0

[Event "Welsh Open Chess Championship"]
[Site "Mercure Cardiff North Hotel, Circle Way East, Llanedeyrn, Cardiff CF23 9XF"]
[Date "2024.03.29"]
[Round "1"]
[Board "4"]
[White "Enoch, Stuart"]
[Black "Gibbs, Dominic V"]
[Result "0-1"]
[WhiteElo "1629"]
[BlackElo "1938"]
[Annotator "Home"]
[PlyCount "96"]
[EventDate "2024.03.29"]
[EventType "swiss"]
[EventRounds "7"]
[EventCountry "WLS"]

{[%evp 0,96,32,-25,-13,-51,-42,-44,11,6,5,6,-4,-1,26,26,31,0,8,-6,8,2,18,-1,6,-17,28,15,42,46,41,11,8,-56,-64,-64,-39,-83,-61,-66,-64,-71,-55,-72,-16,-18,-36,-41,-27,-119,-163,-163,-103,-103,-152,-152,-152,-152,-135,-138,-109,-136,-145,-134,-144,-139,-154,-201,-201,-203,-204,-198,-235,-265,-264,-276,-403,-328,-399,-484,-561,-876,-561,-962,-561,-561,-561,-561,-567,-597,-672,-762,-772,-1012,-1011,-1094,-1156,-1391,-1484]} 1. g3 {[%emt 0:00:02]} e5 {[%emt 0:00:32]} 2. c4 {[%emt 0:00:07]} Nc6 {[%emt 0:00:09]} 3. Bg2 {[%emt 0:00:24]} g6 {[%emt 0:00:15]} 4. Nc3 {[%emt 0:00:28]} Bg7 {[%emt 0:00:16]} 5. d3 {[%emt 0:01:17]} d6 {[%emt 0:01:34]} 6. Nf3 {[%emt 0:01:38]} f5 {[%emt 0:05:13]} 7. O-O {[%emt 0:03:20]} Nf6 {[%emt 0:01:48]} 8. Bd2 {[%emt 0:05:20]} O-O {[%emt 0:00:37]} 9. Qc1 {[%emt 0:03:23]} Kh8 {[%emt 0:09:54]} 10. Bh6 {[%emt 0:01:01]} Qd7 {[%emt 0:03:01]} 11. Bxg7+ {[%emt 0:01:10]} Qxg7 {[%emt 0:00:19]} 12. Rb1 {[%emt 0:01:59]} h6 {[%emt 0:01:47]} 13. b4 {[%emt 0:02:50]} g5 {[%emt 0:03:05]} 14. b5 {[%emt 0:03:44]} Ne7 {[%emt 0:01:39]} 15. a4 {[%emt 0:01:32]} f4 {[%emt 0:04:56]} 16. Ne4 {[%emt 0:09:00]} Nxe4 {[%emt 0:04:10]} 17. dxe4 {[%emt 0:00:11]} b6 {[%emt 0:02:45]} 18. Ra1 {[%emt 0:04:19]} Bb7 {[%emt 0:05:15]} 19. Qc2 {[%emt 0:00:41]} a5 {[%emt 0:00:23]} 20. Ra3 {[%emt 0:07:34]} Ng6 {[%emt 0:02:14]} 21. Bh3 {[%emt 0:05:16]} Rf6 {[%emt 0:04:14]} 22. Bf5 {[%emt 0:04:46]} Nf8 {[%emt 0:01:16]} 23. g4 {[%emt 0:02:02]} Nd7 {[%emt 0:00:31]} 24. h4 {[%emt 0:05:59]} Rxf5 {[%emt 0:05:27]} 25. exf5 {[%emt 0:01:39]} gxh4 {[%emt 0:01:38]} 26. Nh2 {[%emt 0:02:20]} Nf6 {[%emt 0:00:59]} 27. f3 {[%emt 0:01:27]} h5 {[%emt 0:00:57]} 28. Kf2 {[%emt 0:01:18]} hxg4 {[%emt 0:06:52]} 29. fxg4 {[%emt 0:01:40]} Be4 {[%emt 0:02:49]} 30. Qc3 {[%emt 0:03:16]} Bxf5 {[%emt 0:01:27]} 31. Qh3 {[%emt 0:04:16]} Nxg4+ {[%emt 0:02:14]} 32. Nxg4 {[%emt 0:01:54]} Qxg4 {[%emt 0:00:30]} 33. Rh1 {[%emt 0:03:16]} Qxh3 {[%emt 0:01:01]} 34. Rhxh3 {[%emt 0:00:20]} Bxh3 {[%emt 0:00:09]} 35. Rxh3 {[%emt 0:00:04]} Kg7 {[%emt 0:02:00]} 36. Rxh4 {[%emt 0:00:11]} Rh8 {[%emt 0:00:13]} 37. Rxh8 {[%emt 0:05:33]} Kxh8 {[%emt 0:00:02]} 38. Kf3 {[%emt 0:00:07]} Kg7 {[%emt 0:00:11]} 39. Ke4 {[%emt 0:00:05]} Kf6 {[%emt 0:00:08]} 40. Kd5 {[%emt 0:00:34]} Ke7 {[%emt 0:01:09]} 41. Kc6 {[%emt 0:01:49]} Kd8 {[%emt 0:01:55]} 42. Kd5 {[%emt 0:01:36]} Kd7 {[%emt 0:00:08]} 43. Ke4 {[%emt 0:00:17]} Ke6 {[%emt 0:00:09]} 44. e3 {[%emt 0:01:00]} fxe3 {[%emt 0:00:22]} 45. Kxe3 {[%emt 0:00:08]} d5 {[%emt 0:00:14]} 46. cxd5+ {[%emt 0:01:07]} Kxd5 {[%emt 0:00:07]} 47. Kd3 {[%emt 0:00:26]} Kc5 {[%emt 0:00:28]} 48. Kc3 {[%emt 0:00:28]} e4 {[%emt 0:00:20]} 0-1

[Event "Welsh Open Chess Championship"]
[Site "Mercure Cardiff North Hotel, Circle Way East, Llanedeyrn, Cardiff CF23 9XF"]
[Date "2024.03.29"]
[Round "1"]
[Board "5"]
[White "Thomas, Mark"]
[Black "Zheng, Lucas"]
[Result "1-0"]
[WhiteElo "1876"]
[BlackElo "1617"]
[Annotator "Home"]
[PlyCount "109"]
[EventDate "2024.03.29"]
[EventType "swiss"]
[EventRounds "7"]
[EventCountry "WLS"]

{[%evp 0,109,32,32,45,50,29,23,46,46,49,46,24,19,15,21,47,28,65,14,70,-1,9,8,29,29,87,32,73,69,68,81,171,100,164,164,172,180,189,161,193,159,258,235,248,242,317,307,366,349,639,642,645,644,644,644,644,644,644,632,642,656,672,630,662,668,702,650,706,642,690,691,699,721,980,997,1021,827,843,821,898,777,921,648,663,649,754,681,703,706,829,706,789,789,825,1094,1356,2960,29993,29982,29985,29986,29991,29986,29987,29988,29989,29990,29991,29992,29997,29998]} 1. e4 {[%emt 0:00:03]} c5 {[%emt 0:00:09]} 2. Nc3 {[%emt 0:00:07]} Nc6 {[%emt 0:00:06]} 3. f4 {[%emt 0:00:07]} d6 {[%emt 0:00:09]} 4. Nf3 {[%emt 0:00:11]} Nf6 {[%emt 0:00:47]} 5. Bb5 {[%emt 0:01:37]} e6 {[%emt 0:00:51]} 6. Bxc6+ {[%emt 0:00:16]} bxc6 {[%emt 0:00:22]} 7. d3 {[%emt 0:01:16]} g6 {[%emt 0:00:16]} 8. O-O {[%emt 0:00:11]} Bg7 {[%emt 0:00:09]} 9. Kh1 {[%emt 0:00:48]} O-O {[%emt 0:00:08]} 10. Be3 {[%emt 0:00:15]} Rb8 {[%emt 0:02:00]} 11. Rb1 {[%emt 0:00:16]} Ng4 {[%emt 0:01:21]} 12. Bg1 {[%emt 0:00:08]} Qa5 {[%emt 0:00:51]} 13. h3 {[%emt 0:00:51]} Nf6 {[%emt 0:00:33]} 14. e5 {[%emt 0:04:05]} Nh5 {[%emt 0:00:58]} 15. Bh2 {[%emt 0:00:59]} dxe5 {[%emt 0:02:21]} 16. Nxe5 {[%emt 0:01:20]} Bb7 {[%emt 0:02:07]} 17. Nd7 {[%emt 0:00:50]} Rbd8 {[%emt 0:01:58]} 18. Nxf8 {[%emt 0:00:30]} Rxf8 {[%emt 0:00:13]} 19. Qe1 {[%emt 0:00:33]} Nf6 {[%emt 0:03:29]} 20. a3 {[%emt 0:02:23]} Qd8 {[%emt 0:02:24]} 21. Na4 {[%emt 0:01:04]} Nd7 {[%emt 0:06:30]} 22. Bg1 {[%emt 0:03:19]} Qe7 {[%emt 0:00:33]} 23. Qa5 {[%emt 0:00:30]} a6 {[%emt 0:08:06]} 24. Nxc5 {[%emt 0:00:22]} Rb8 {[%emt 0:00:15]} 25. Qc7 {[%emt 0:01:55]} Qd8 {[%emt 0:02:48]} 26. Qxd7 {[%emt 0:00:27]} Qxd7 {[%emt 0:00:06]} 27. Nxd7 {[%emt 0:00:09]} Rd8 {[%emt 0:00:14]} 28. Nc5 {[%emt 0:00:19]} Bc8 {[%emt 0:00:19]} 29. Rfe1 {[%emt 0:01:50]} Bh6 {[%emt 0:04:49]} 30. Re4 {[%emt 0:00:19]} Rd5 {[%emt 0:01:48]} 31. Rf1 {[%emt 0:00:45]} Bf8 {[%emt 0:00:25]} 32. Rc4 {[%emt 0:00:23]} Bg7 {[%emt 0:02:20]} 33. d4 {[%emt 0:01:05]} a5 {[%emt 0:00:43]} 34. Rf3 {[%emt 0:01:24]} Bd7 {[%emt 0:01:55]} 35. Nxd7 {[%emt 0:00:26]} Rxd7 {[%emt 0:00:11]} 36. Rxc6 {[%emt 0:00:11]} Rd5 {[%emt 0:01:51]} 37. Rc8+ {[%emt 0:00:21]} Bf8 {[%emt 0:01:02]} 38. Rb3 {[%emt 0:00:08]} Kg7 {[%emt 0:00:29]} 39. Rb7 {[%emt 0:01:37]} Rf5 {[%emt 0:02:57]} 40. Be3 {[%emt 0:01:37]} h5 {[%emt 0:01:01]} 41. Rxf8 {[%emt 0:00:18]} Kxf8 {[%emt 0:00:18]} 42. c4 {[%emt 0:00:06]} Ke8 {[%emt 0:00:16]} 43. b4 {[%emt 0:00:31]} axb4 {[%emt 0:02:20]} 44. axb4 {[%emt 0:00:06]} Kd8 {[%emt 0:00:11]} 45. b5 {[%emt 0:00:25]} Kc8 {[%emt 0:00:08]} 46. Ra7 {[%emt 0:00:26]} Kb8 {[%emt 0:00:09]} 47. b6 {[%emt 0:00:09]} f6 {[%emt 0:02:21]} 48. c5 {[%emt 0:00:11]} e5 {[%emt 0:00:13]} 49. dxe5 {[%emt 0:00:14]} fxe5 {[%emt 0:00:09]} 50. c6 {[%emt 0:00:07]} exf4 {[%emt 0:00:24]} 51. c7+ {[%emt 0:00:07]} Kc8 {[%emt 0:00:08]} 52. Ra8+ {[%emt 0:00:06]} Kd7 {[%emt 0:00:06]} 53. c8=Q+ {[%emt 0:00:13]} Kd6 {[%emt 0:00:09]} 54. Qc7+ {[%emt 0:00:33]} Ke6 {[%emt 0:00:14]} 55. Re8+ {[%emt 0:00:27]} 1-0

[Event "Welsh Open Chess Championship"]
[Site "Mercure Cardiff North Hotel, Circle Way East, Llanedeyrn, Cardiff CF23 9XF"]
[Date "2024.03.29"]
[Round "1"]
[Board "6"]
[White "Wilkins, Zack"]
[Black "Mba, Reginald"]
[Result "0-1"]
[WhiteElo "1615"]
[BlackElo "1855"]
[Annotator "Home"]
[PlyCount "70"]
[EventDate "2024.03.29"]
[EventType "swiss"]
[EventRounds "7"]
[EventCountry "WLS"]

{[%evp 0,70,30,32,76,-25,-28,-48,-48,-63,-63,-66,-55,-42,-51,-30,-17,-32,-28,-25,-14,-22,-8,-32,324,27,27,100,64,88,73,69,69,4,-35,-32,-24,-30,-30,-24,-12,-60,-79,-132,-150,-140,-72,-138,-91,-91,-120,-149,-128,-134,-127,-124,-98,-237,-198,-200,-131,-193,-240,-1821,-2177,-29993,-29994,-29995,-29996,-29997,-29998,-29999,-29999]} 1. e4 {[%emt 0:00:05]} c6 {[%emt 0:00:22]} 2. Bc4 {[%emt 0:00:14]} d5 {[%emt 0:00:34]} 3. Bb3 {[%emt 0:00:11]} dxe4 {[%emt 0:01:49]} 4. Qh5 {[%emt 0:00:05]} g6 {[%emt 0:02:27]} 5. Qh4 {[%emt 0:00:19]} Nf6 {[%emt 0:01:03]} 6. Nc3 {[%emt 0:00:13]} Bg7 {[%emt 0:02:47]} 7. f3 {[%emt 0:03:22]} exf3 {[%emt 0:02:48]} 8. Nxf3 {[%emt 0:00:07]} O-O {[%emt 0:01:37]} 9. O-O {[%emt 0:00:49]} Nbd7 {[%emt 0:01:55]} 10. d4 {[%emt 0:01:59]} Nb6 {[%emt 0:01:16]} 11. Bh6 {[%emt 0:04:55]} Re8 {[%emt 0:22:36]} 12. Bxf7+ {[%emt 0:15:54]} Kxf7 {[%emt 0:03:32]} 13. Ng5+ {[%emt 0:00:10]} Kg8 {[%emt 0:01:22]} 14. Bxg7 {[%emt 0:00:53]} h5 {[%emt 0:03:21]} 15. Bxf6 {[%emt 0:03:02]} exf6 {[%emt 0:00:32]} 16. Nf3 {[%emt 0:04:36]} Bf5 {[%emt 0:01:21]} 17. Rf2 {[%emt 0:10:37]} Nc4 {[%emt 0:02:13]} 18. d5 {[%emt 0:17:25]} cxd5 {[%emt 0:01:43]} 19. Nd4 {[%emt 0:00:33]} Ne3 {[%emt 0:01:57]} 20. Nxf5 {[%emt 0:01:57]} Nxf5 {[%emt 0:00:49]} 21. Rxf5 {[%emt 0:03:04]} gxf5 {[%emt 0:00:27]} 22. Qxh5 {[%emt 0:02:16]} Re5 {[%emt 0:01:13]} 23. Rf1 {[%emt 0:03:28]} Qe8 {[%emt 0:01:02]} 24. Qh4 {[%emt 0:01:31]} Qe7 {[%emt 0:02:37]} 25. Rf3 {[%emt 0:03:12]} Kf7 {[%emt 0:02:50]} 26. Rd3 {[%emt 0:05:11]} Rd8 {[%emt 0:02:36]} 27. Kf1 {[%emt 0:01:17]} a6 {[%emt 0:05:40]} 28. Qd4 {[%emt 0:01:51]} Re1+ {[%emt 0:02:23]} 29. Kf2 {[%emt 0:00:15]} Qe5 {[%emt 0:00:39]} 30. Qb6 {[%emt 0:01:44]} Rd7 {[%emt 0:04:55]} 31. Rxd5 {[%emt 0:02:01]} Rxd5 {[%emt 0:01:02]} 32. Nxd5 {[%emt 0:02:04]} Qe2+ {[%emt 0:00:20]} 33. Kg3 {[%emt 0:00:14]} Qg4+ {[%emt 0:00:06]} 34. Kf2 {[%emt 0:00:42]} Re2+ {[%emt 0:00:13]} 35. Kf1 {[%emt 0:00:18]} Qxg2# {[%emt 0:00:07]} 0-1

[Event "Welsh Open Chess Championship"]
[Site "Mercure Cardiff North Hotel, Circle Way East, Llanedeyrn, Cardiff CF23 9XF"]
[Date "2024.03.29"]
[Round "1"]
[Board "7"]
[White "Dixon, Chris"]
[Black "Prabhu, Vismith"]
[Result "1/2-1/2"]
[WhiteElo "1806"]
[BlackElo "1590"]
[Annotator "Home"]
[PlyCount "54"]
[EventDate "2024.03.29"]
[EventType "swiss"]
[EventRounds "7"]
[EventCountry "WLS"]

{[%evp 0,54,32,29,45,38,51,-4,21,20,73,56,56,19,15,0,0,-3,19,-14,38,7,70,60,53,54,56,36,39,45,139,110,123,110,99,103,122,114,112,111,107,109,109,100,100,106,119,100,100,98,102,100,92,88,94,90,95]} 1. e4 {[%emt 0:00:02]} c5 {[%emt 0:00:05]} 2. Nc3 {[%emt 0:00:05]} e6 {[%emt 0:00:12]} 3. g3 {[%emt 0:00:11]} Nc6 {[%emt 0:00:30]} 4. Bg2 {[%emt 0:00:07]} g6 {[%emt 0:00:38]} 5. d3 {[%emt 0:00:10]} Bg7 {[%emt 0:00:31]} 6. f4 {[%emt 0:00:35]} Nge7 {[%emt 0:00:38]} 7. Nf3 {[%emt 0:00:30]} O-O {[%emt 0:01:40]} 8. O-O {[%emt 0:00:32]} Rb8 {[%emt 0:04:13]} 9. Be3 {[%emt 0:04:22]} Nd4 {[%emt 0:08:41]} 10. Bf2 {[%emt 0:04:24]} b5 {[%emt 0:10:28]} 11. e5 {[%emt 0:08:20]} Nxf3+ {[%emt 0:16:38]} 12. Bxf3 {[%emt 0:02:28]} d6 {[%emt 0:00:33]} 13. exd6 {[%emt 0:12:33]} Qxd6 {[%emt 0:00:13]} 14. Ne4 {[%emt 0:00:42]} Qd8 {[%emt 0:02:29]} 15. c3 {[%emt 0:06:05]} c4 {[%emt 0:11:50]} 16. Bxa7 {[%emt 0:13:59]} Rb7 {[%emt 0:00:41]} 17. Bf2 {[%emt 0:01:18]} Qxd3 {[%emt 0:05:39]} 18. Qxd3 {[%emt 0:05:39]} cxd3 {[%emt 0:00:06]} 19. Nc5 {[%emt 0:03:16]} Rb8 {[%emt 0:00:23]} 20. Nxd3 {[%emt 0:02:07]} Bb7 {[%emt 0:02:15]} 21. Bxb7 {[%emt 0:04:01]} Rxb7 {[%emt 0:00:04]} 22. Nc5 {[%emt 0:03:35]} Rc7 {[%emt 0:01:13]} 23. a3 {[%emt 0:00:43]} Nd5 {[%emt 0:01:20]} 24. Rad1 {[%emt 0:00:42]} Rc6 {[%emt 0:06:03]} 25. Rd3 {[%emt 0:04:51]} Rfc8 {[%emt 0:01:33]} 26. Ne4 {[%emt 0:01:57]} h6 {[%emt 0:06:56]} 27. Rfd1 {[%emt 0:03:17]} Kh7 {[%emt 0:04:28]} 1/2-1/2

[Event "Welsh Open Chess Championship"]
[Site "Mercure Cardiff North Hotel, Circle Way East, Llanedeyrn, Cardiff CF23 9XF"]
[Date "2024.03.29"]
[Round "1"]
[Board "8"]
[White "Anandkumar, Govind"]
[Black "Thomas, Roy"]
[Result "0-1"]
[WhiteElo "1565"]
[BlackElo "1804"]
[Annotator "Home"]
[PlyCount "72"]
[EventDate "2024.03.29"]
[EventType "swiss"]
[EventRounds "7"]
[EventCountry "WLS"]

{[%evp 0,72,29,13,38,3,16,20,24,1,79,75,74,94,72,23,26,14,52,24,24,13,0,10,-9,-68,-8,-59,0,-47,-2,-18,-12,-6,-31,-105,-113,-161,-157,-177,-129,-220,-227,-243,-248,-263,-331,-529,-546,-531,-459,-458,-433,-433,-407,-647,-539,-29991,-29992,-29993,-1650,-1719,-1866,-2022,-1440,-2596,-29988,-29993,-29994,-29995,-29994,-29997,-29998,-29999,-29999]} 1. e4 {[%emt 0:00:01]} c5 {[%emt 0:00:53]} 2. c3 {[%emt 0:00:35]} Nf6 {[%emt 0:01:16]} 3. e5 {[%emt 0:00:31]} Nd5 {[%emt 0:00:05]} 4. Nf3 {[%emt 0:00:57]} g6 {[%emt 0:01:32]} 5. d4 {[%emt 0:02:19]} cxd4 {[%emt 0:00:43]} 6. cxd4 {[%emt 0:02:04]} Bg7 {[%emt 0:00:22]} 7. Bc4 {[%emt 0:02:47]} Nb6 {[%emt 0:00:34]} 8. Bb3 {[%emt 0:00:11]} O-O {[%emt 0:00:15]} 9. Nc3 {[%emt 0:00:56]} d6 {[%emt 0:04:23]} 10. exd6 {[%emt 0:01:31]} Qxd6 {[%emt 0:02:08]} 11. Be3 {[%emt 0:00:56]} Bg4 {[%emt 0:04:06]} 12. Qd2 {[%emt 0:03:46]} a5 {[%emt 0:05:40]} 13. a3 {[%emt 0:03:09]} N8d7 {[%emt 0:09:22]} 14. h3 {[%emt 0:14:01]} Be6 {[%emt 0:00:33]} 15. Bf4 {[%emt 0:35:49]} Qc6 {[%emt 0:01:09]} 16. d5 {[%emt 0:03:15]} Bxc3 {[%emt 0:01:57]} 17. bxc3 {[%emt 0:00:11]} Bxd5 {[%emt 0:04:27]} 18. Nd4 {[%emt 0:05:47]} Qc5 {[%emt 0:02:45]} 19. Bh6 {[%emt 0:03:50]} Rfe8 {[%emt 0:05:12]} 20. Be3 {[%emt 0:05:39]} Nc4 {[%emt 0:12:07]} 21. Bxc4 {[%emt 0:02:27]} Qxc4 {[%emt 0:02:01]} 22. Rg1 {[%emt 0:01:28]} Nc5 {[%emt 0:01:45]} 23. Rc1 {[%emt 0:02:27]} Nd3+ {[%emt 0:02:19]} 24. Kd1 {[%emt 0:00:12]} Nxc1 {[%emt 0:00:57]} 25. Kxc1 {[%emt 0:00:15]} Rac8 {[%emt 0:02:14]} 26. Ne2 {[%emt 0:01:44]} Qb3 {[%emt 0:02:26]} 27. f4 {[%emt 0:00:35]} Qxa3+ {[%emt 0:00:35]} 28. Kb1 {[%emt 0:00:12]} Be4+ {[%emt 0:00:10]} 29. Qc2 {[%emt 0:00:17]} Bxc2+ {[%emt 0:00:09]} 30. Kxc2 {[%emt 0:00:08]} Qa2+ {[%emt 0:00:53]} 31. Kd1 {[%emt 0:00:21]} Qb1+ {[%emt 0:00:39]} 32. Nc1 {[%emt 0:00:11]} Rxc3 {[%emt 0:00:21]} 33. Bd2 {[%emt 0:00:41]} Rd8 {[%emt 0:00:19]} 34. Ke2 {[%emt 0:00:11]} Qe4+ {[%emt 0:00:45]} 35. Be3 {[%emt 0:00:07]} Qxe3+ {[%emt 0:00:24]} 36. Kf1 {[%emt 0:00:07]} Rd1# {[%emt 0:01:04]} 0-1